| 000 | 00619cam a22002411 4500 | ||
|---|---|---|---|
| 001 | sa 68000107 | ||
| 003 | DLC | ||
| 005 | 20260227112420.0 | ||
| 008 | 881102s1965 xx 000 0 hinr | ||
| 010 | _asa 68000107 | ||
| 035 | _a(OCoLC)23539074 | ||
| 040 |
_aDLC _cMiU _dDLC |
||
| 042 | _apremarc | ||
| 050 | 0 | 0 |
_aPK1937 _b.B75 |
| 245 | 0 | 0 | _aBṛhat Hindī kośa. |
| 260 |
_a[n.p.] _c[1965] |
||
| 300 |
_a8, 1790 p. _c25 cm. |
||
| 500 | _aRomanized. | ||
| 650 | 0 |
_aHindi language _vDictionaries. |
|
| 700 | 1 | _aPrasad, Kalika. | |
| 700 | 1 | _aSahay, Rajvallabh. | |
| 700 | 1 |
_aŚrīvāstava, Mukundīlāla, _d1896- |
|
| 999 |
_c76950 _d76950 |
||